| 000 | 00596nam a22001937a 4500 | ||
|---|---|---|---|
| 008 | 150617b xxu||||| |||| 00| 0 eng d | ||
| 020 | _a9789812818744 | ||
| 020 | _a981281874X | ||
| 041 | 0 | _aeng | |
| 080 | _a658 | ||
| 100 | 1 | _aVyakarnam, Shailendra. | |
| 245 | 1 | 0 |
_aUnlocking the enterpriser inside! : _cShailendra Vyakarnam & Neal Hartman. |
| 260 |
_aSingapore ; _aLondon : _bWorld Scientific, _c2011. |
||
| 300 |
_a156 f. : _bme il.; _c24 cm. |
||
| 650 | 0 | _aNdërmarrësia | |
| 650 | 0 | _aEdukimi në ndërmarrje | |
| 700 | 1 | _aHartman, Neal. | |
| 942 |
_2udc _cBK |
||
| 999 |
_c1055 _d1055 |
||